• 首页
  • 本馆介绍
  • 公告通知
  • 最新文献
  • 馆藏检索
  • 电子资源
  • 读者导购
  • 参考咨询
  • 我的图书馆
  • 登录
  • 详细信息显示
  • 放入我的书架
  • 预约/预借图书
  • 作者相关作品
  • 分类相关作品
  • 丛书相关作品
  • 出版社相关作品

书目信息

  • 表格格式
  • 工作单格式
  • 卡片格式
题名:
地球概论习题集
    
 
作者: 方明亮 编
分册:  
出版信息: 北京   高等教育出版社  1992
页数: 302页
开本: 20cm
丛书名:
单 册:
中图分类: P183
科图分类:
主题词: 地球科学--高等学校--教材
电子资源:
ISBN: 7-04-003923-0
000 00660nam0 2200229 45
001 0188017770
005 20070618172246.92
010    @a7-04-003923-0@dCNY4.30
100    @a19910417d1992 k y0chiy0120 ea
101 0  @achi
102    @aCN@b110000
105    @ay z 000yy
200 10 @a地球概论习题集@Adi qiu gai lun xi ti ji@f方明亮编@Ffang ming liang bian
210    @a北京@c高等教育出版社@d1992
215    @a302页@d20cm
300    @a高等学校教学参考书
540 1  @a地球概论@Adi qiu gai lun
606    @a地球科学@x高等学校@x教材
690    @aP183@v4
701  0 @a方明亮@Afang ming liang@4编
801  0 @aCN@bTSSF@c20070618
905    @a10447@dP183@e139
    
    地球概论习题集/方明亮编.-北京:高等教育出版社,1992
    302页;20cm
    高等学校教学参考书
    
    ISBN 7-04-003923-0:CNY4.30
    
●
相关链接 在E读中查询图书 在五车中查询图书 在当当中查询图书 在豆瓣中查询图书


正题名:地球概论习题集     索取号:P183/139         预约/预借

序号 登录号 条形码 馆藏地/架位号 状态 备注
1 0653574   206535748   第二样本阅览室/ [索取号:P183/139] 在馆    
2 0653575   206535757   第三借阅区/ [索取号:P183/139] 在馆    
3 0653576   206535766   密集书库/ [索取号:P183/139] 在馆    
4 0653577   206535775   密集书库/ [索取号:P183/139] 在馆    
5 0653578   206535784   密集书库/ [索取号:P183/139] 在馆    
6 0653579   206535793   库房3/ [索取号:P183/139] 在馆    
7 0653580   206535800   库房3/ [索取号:P183/139] 在馆    
8 0653581   206535819   库房3/ [索取号:P183/139] 在馆    
9 0653582   206535828   库房3/ [索取号:P183/139] 在馆    
唐山师范学院图书馆 欢迎您!
大连网信软件有限公司© 版权所有